Nueva Evangelización, promoción humana, cultura cristiana: discurso inaugural del Santo Padre
Guardat en:
| Format: | Llibre |
|---|---|
| Idioma: | espanyol |
| Publicat: |
Bogotá
CELAM
1992
|
| Edició: | 1a. ed |
| Matèries: | |
| Etiquetes: |
Afegir etiqueta
Sense etiquetes, Sigues el primer a etiquetar aquest registre!
|
MARC
| LEADER | 00000nam a2200000 a 4500 | ||
|---|---|---|---|
| 001 | UCJ2782 | ||
| 003 | CL-VaPUC | ||
| 005 | 20250103100417.0 | ||
| 008 | 070112e19921200ck 1 spa d | ||
| 020 | |a 9586076792 | ||
| 082 | 0 | 4 | |a 262.3 |b NUE |2 21 |
| 245 | 1 | 0 | |a Nueva Evangelización, promoción humana, cultura cristiana: discurso inaugural del Santo Padre |
| 250 | |a 1a. ed | ||
| 260 | |a Bogotá |b CELAM |c 1992 | ||
| 300 | |a 209 p | ||
| 583 | |a last modification |c 20190826 10:50:13 |k Rodrigo Vera | ||
| 650 | 0 | 0 | |a Catequesis |9 314526 |
| 650 | 0 | 7 | |a EVANGELIZACION |2 CL-VaPUC |9 620918 |
| 650 | 0 | 0 | |a Iglesia Católica |9 256114 |
| 650 | 0 | 0 | |a América Latina |9 437006 |
| 942 | |c BK | ||
| 945 | |a lvergara |d 20070112 00:00:00 | ||
| 546 | |a En Español | ||
| 536 | |a CELAM | ||
| 518 | |p Conferencia General del Episcopado Latinoamericano, 4, Santo Domingo, 1992 | ||
| 999 | |c 384219 |d 384217 | ||
| 952 | |0 0 |1 0 |4 0 |6 262_300000000000000_NUE_1992 |7 0 |8 A |9 506839 |a BIBTEO |b BIBTEO |d 2020-01-23 |i 424401K |o 262.3 NUE 1992 |p 424401K |r 2025-01-17 |w 2020-01-23 |y BK |k ICR | ||
| 952 | |0 0 |1 0 |4 0 |6 262_300000000000000_NUE_1992 |7 0 |8 A |9 506840 |a BIBTEO |b BIBTEO |d 2020-01-23 |i 4244028 |o 262.3 NUE 1992 |p 4244028 |r 2025-01-17 |w 2020-01-23 |y BK |k ICR | ||
| 952 | |0 0 |1 0 |4 0 |6 262_300000000000000_NUE_1992 |7 0 |8 X |9 506841 |a FDOBUD |b FDOBUD |d 2020-01-23 |i 4598091 |o 262.3 NUE 1992 |p 4598091 |r 2020-01-23 |w 2020-01-23 |y BK_X |k BUD | ||